Amarás al Señor tu Dios. La identidad cristiana

Saved in:
Bibliographic Details
Main Author: Vergote, Antoine (autor)
Format: Book
Language:English
Published: Maliaño, España: Sal Terrae, 1999
Series:Colección Presencia Teológica, 95
Subjects:
Tags: Add Tag
No Tags, Be the first to tag this record!

MARC

LEADER 00000nam a22000007a 4500
003 CL-VaPUC
005 20220906074330.0
008 220420b1999 ||||| |||| 00| 0 eng d
999 |c 435447  |d 435445 
020 |a 84-293-1292-7 
040 |c Pontificia Universidad Católica de Valparaíso 
082 7 |a 241.52 VER 1999  |2 22 
100 1 |a Vergote, Antoine  |e autor  |9 868622 
245 |a Amarás al Señor tu Dios.  |b La identidad cristiana 
260 |a Maliaño, España:  |b Sal Terrae,  |c 1999 
300 |a 294 páginas 
490 |a Colección Presencia Teológica, 95 
500 |a C1. Donación Padre Cristian Eichin. Correo en papel 28/03/2022 
583 |c 20220420  |k Catalogador Asistente 
650 |a Diez mandamientos  |x Dios  |9 869792 
650 0 |a Dios   |9 266622 
942 |2 ddc  |c BK 
952 |0 0  |1 0  |2 ddc  |4 0  |6 241_520000000000000_VER_1999  |7 0  |8 A  |9 582704  |a BIBTEO  |b BIBTEO  |c GEN  |d 2022-04-20  |e Donación  |i 5650867  |o 241.52 VER 1999  |p 5650867  |r 2025-01-17  |t 1  |w 2022-04-20  |y BK  |k ICR